বাংলাদেশে যৌনতা বিক্রি: (Record no. 18566)

MARC details
000 -LEADER
fixed length control field 01241nam a22002297a 4500
003 - CONTROL NUMBER IDENTIFIER
control field BDDh-ASL
005 - DATE AND TIME OF LATEST TRANSACTION
control field 20231015025720.0
008 - FIXED-LENGTH DATA ELEMENTS--GENERAL INFORMATION
fixed length control field 201014s2000 b ||||| |||| 00| 0 b d
020 ## - INTERNATIONAL STANDARD BOOK NUMBER
International Standard Book Number 9844940109
040 ## - CATALOGING SOURCE
Original cataloging agency BDDh-ASL
Transcribing agency BDDh-ASL
041 ## - LANGUAGE CODE
Language code of text/sound track or separate title ben
082 ## - DEWEY DECIMAL CLASSIFICATION NUMBER
Classification number 363.4454
Item number TAB
100 1# - MAIN ENTRY--PERSONAL NAME
9 (RLIN) 1388
Personal name তাহমিনা, কুররাতুল-আইন-
245 10 - TITLE STATEMENT
Title বাংলাদেশে যৌনতা বিক্রি:
Remainder of title জীবনের দামে কেনা জীবিকা/
Statement of responsibility, etc. by কুররাতুল-আইন-তাহমিনা, শিশিরমোড়ল।
246 ## - VARYING FORM OF TITLE
Title proper/short title Bangladeshe Jounota Bikri: Jiboner Dame Kena Jibika
260 ## - PUBLICATION, DISTRIBUTION, ETC.
Place of publication, distribution, etc. ঢাকা:
Name of publisher, distributor, etc. সোসাইটি ফর এনভায়রনমেন্ট এন্ড হিউম্যান ডেভেলপমেন্ট (সেড),
Date of publication, distribution, etc. 2000.
300 ## - PHYSICAL DESCRIPTION
Extent ২১৩ পৃ. :
Other physical details ২২ সে.মি.
650 #0 - SUBJECT ADDED ENTRY--TOPICAL TERM
9 (RLIN) 1389
Topical term or geographic name entry element যৌনকর্মী
General subdivision পতিতাবৃত্তি
Geographic subdivision বাংলাদেশ
650 #0 - SUBJECT ADDED ENTRY--TOPICAL TERM
9 (RLIN) 1390
Topical term or geographic name entry element যৌন ব্যবসা
General subdivision পতিতাবৃত্তি
Geographic subdivision বাংলাদেশ
650 #0 - SUBJECT ADDED ENTRY--TOPICAL TERM
9 (RLIN) 1391
Topical term or geographic name entry element পতিতাবৃত্তি
Geographic subdivision বাংলাদেশ
942 ## - ADDED ENTRY ELEMENTS (KOHA)
Source of classification or shelving scheme Dewey Decimal Classification
Koha item type Books
Holdings
Withdrawn status Lost status Source of classification or shelving scheme Damaged status Not for loan Collection code Home library Current library Shelving location Date acquired Source of acquisition Total Checkouts Full call number Barcode Date last seen Copy number Price effective from Koha item type
    Dewey Decimal Classification     Non-fiction Asiatic Society Library Asiatic Society Library General Stacks 10/14/2020 ASB Collection   363.4454 TAB 101768 10/14/2020 C-1 10/14/2020 Books

Powered by Koha